书目信息 |
| 题名: |
风景林调查规划与合理经营的理论和实践
|
|
| 作者: | 李明阳 , 菅利荣 著 | |
| 分册: | ||
| 出版信息: | 北京 中国林业出版社 2008 |
|
| 页数: | 163页 | |
| 开本: | 26cm | |
| 丛书名: | ||
| 单 册: | ||
| 中图分类: | S727.5 | |
| 科图分类: | ||
| 主题词: | 风景林--森林调查 , 风景林--森林经营 , 风景林 , 森林调查 , 森林经营 | |
| 电子资源: | ||
| ISBN: | 978-7-5038-5415-6 | |
| 000 | 01171nam0 2200301 45 | |
| 005 | 20100303150750.26 | |
| 010 | @a978-7-5038-5415-6@dCNY30.00 | |
| 100 | @a20100121d2008 ekmy0chiy0120 ea | |
| 101 | 0 | @achi |
| 102 | @aCN@b110000 | |
| 105 | @aa z 000yy | |
| 106 | @ar | |
| 200 | 1 | @a风景林调查规划与合理经营的理论和实践@AFeng Jing Lin Diao Cha Gui Hua Yu He Li Jing Ying De Li Lun He Shi Jian@dTheory and practictice of recreational forest planning and sustainable management@f李明阳,菅利荣著@FLi Ming Yang, Jian Li Rong Zhu@zeng |
| 210 | @a北京@c中国林业出版社@d2008 | |
| 215 | @a163页@c图@d26cm | |
| 300 | @a国家自然科学基金项目(30571490)资助 | |
| 330 | @a本书介绍了风景林和风景资源、森林风景资源调查、风景林美学评价、风景林规划等共7章内容。 | |
| 510 | 1 | @aTheory and practictice of recreational forest planning and sustainable management@zeng |
| 606 | 0 | @a风景林@x森林调查 |
| 606 | 0 | @a风景林@x森林经营 |
| 606 | 0 | @a风景林 |
| 606 | 0 | @a森林调查 |
| 606 | 0 | @a森林经营 |
| 690 | @aS727.5@v4 | |
| 701 | 0 | @a李明阳@ALi Ming Yang@4著 |
| 701 | 0 | @a菅利荣@AJian Li Rong@4著 |
| 801 | 0 | @aCN@bTANGWEI@c20100303 |
| 905 | @b0584956-59@dS727.5@e42@f4 | |
| 风景林调查规划与合理经营的理论和实践=Theory and practictice of recreational forest planning and sustainable management/李明阳,菅利荣著.-北京:中国林业出版社,2008 |
| 163页:图;26cm |
| 国家自然科学基金项目(30571490)资助 |
| ISBN 978-7-5038-5415-6:CNY30.00 |
| 本书介绍了风景林和风景资源、森林风景资源调查、风景林美学评价、风景林规划等共7章内容。 |
| ● |
| 相关链接 |
|
|
|
|
正题名:风景林调查规划与合理经营的理论和实践
索取号:S727.5/42
 
预约/预借
| 序号 | 登录号 | 条形码 | 馆藏地/架位号 | 状态 | 备注 |
| 1 | 0584956 | 205849563 | 第二样本阅览室/ [索取号:S727.5/42] | 在馆 | |
| 2 | 0584957 | 205849572 | 第三借阅区/ [索取号:S727.5/42] | 在馆 | |
| 3 | 0584958 | 205849581 | 第三借阅区/ [索取号:S727.5/42] | 在馆 | |
| 4 | 0584959 | 205849590 | 第三借阅区/ [索取号:S727.5/42] | 在馆 |